La desigualdad social en el nivel medio superior de educación de la Ciudad de México /

Збережено в:
Бібліографічні деталі
Автор: Blanco, Emilio
Формат: Текст
Теги: Додати тег
Немає тегів, Будьте першим, хто поставить тег для цього запису!

MARC

LEADER 00000 a a2200000 04500
001 47464
003
040
090 |a REV1520 20(80) 2014  
100 |a Blanco, Emilio  
245 |a La desigualdad social en el nivel medio superior de educación de la Ciudad de México /  |c Emilio Blanco  
773 |a volumen20, número80, (2014), páginas 249--280 : tablas, gráfico  
999 |c 26103  |d 26103